000
00255nam a2200109Ia 4500
008
190911s9999||||xx |||||||||||||| ||und||
100
_a
Elaine Malfas
245
3
_a
An Introduction To Desktop
260
_a
New York
_b
CRC
_c
1998
300
_a
350
942
_c
BK
999
_c
6733
_d
6733